Statistics for Dutch Scorers in 2010s Champions League

Click here to take the quiz!

General Stats

  • This quiz has been taken 122 times
  • The average score is 17 of 47

Answer Stats

PlayerTeamGls% Correct
Robin van PersieArsenal, Manchester Utd14
100%
Arjen RobbenBayern Munich25
99%
Wesley SneijderInter, Galatasaray10
95%
Klaas-Jan HuntelaarSchalke 0413
93%
Luuk de JongTwente, PSV Eindhoven7
90%
Siem de JongAjax4
90%
Memphis DepayManchester Utd, Lyon2
83%
Georginio WijnaldumLiverpool3
78%
Dirk KuytLiverpool1
75%
Ryan BabelLiverpool, Beşiktaş3
74%
Virgil van DijkLiverpool2
70%
Matthijs de LigtAjax2
68%
Daley BlindManchester Utd1
66%
Bas DostWolfsburg, Sporting CP4
61%
Rafael van der VaartTottenham2
56%
Donny van de BeekAjax3
51%
Mark van BommelBayern Munich1
48%
Quincy PromesSpartak Moscow2
48%
Clarence SeedorfMilan1
36%
Davy KlaassenAjax2
36%
Gregory van der WielAjax1
30%
Theo JanssenTwente2
30%
Ibrahim AfellaySchalke 04, Olympiacos3
28%
Justin KluivertRoma1
28%
Steven BerghuisFeyenoord1
25%
Royston DrentheReal Madrid1
23%
Jeremain LensAZ Alkmaar2
18%
Ricky van WolfswinkelBasel1
18%
Urby EmanuelsonMilan1
17%
Ruud VormerClub Brugge1
15%
Luciano NarsinghPSV Eindhoven2
14%
Ola JohnBenfica1
11%
Joshua JohnNordsjælland1
10%
Arnaut GroeneveldClub Brugge1
8%
Demy de ZeeuwAjax, Anderlecht3
7%
Davy PröpperPSV Eindhoven2
6%
Jonathan de GuzmánVillarreal1
6%
Denny LandzaatTwente1
5%
Anwar El GhaziAjax1
3%
Danny HoesenAjax2
3%
Jerry St. JusteFeyenoord1
2%
Jürgen LocadiaPSV Eindhoven1
2%
Stefano DenswilAjax1
2%
Virgil MisidjanLudogorets1
2%
David Mendes da SilvaAZ Alkmaar1
1%
Derk BoerrigterAjax2
1%
Pablo RosarioPSV Eindhoven1
1%

Score Distribution

Percentile by Number Answered

Percent of People with Each Score

Your Score History

You have not taken this quiz